000 00298 a2200109 4500
005 20250926115321.0
020 _a9780143451112
100 _aAroor S.
_9213445
245 _aIndia's Most Fearless 3: New Military Stories Of Unimaginable Courage And sacrifice
260 _bPenguin
_c2022
942 _cAR
999 _c367886
_d367886